Les Changements d'état de la Matière (Version Facile) - Statistiques

Statistiques générales
  • Ce quiz a été pris 100 fois
  • Le résultat moyen est 4 sur 6
Statistiques - réponses
Changement d'état Nom % Correct
Gaz --> Liquide Liquéfaction
95%
Liquide --> Solide Solidification
92%
Solide --> Liquide Fusion
65%
Solide --> Gaz Sublimation
61%
Liquide --> Gaz Vaporisation
55%
Gaz --> Solide Condensation
47%
Aucun quiz correspondant
Distribution des résultats
% des personnes avec chaque résultat
Percentile par nombre de réponses
Votre historique - résultats
Vous n’avez pas pris ce quiz